| 000 | 01090cam a2200289 i 4500 | ||
|---|---|---|---|
| 003 | DO-SdBNP | ||
| 005 | 20240712105044.0 | ||
| 007 | ta | ||
| 008 | 240712s1998 sp 000 f spa | ||
| 020 | _a8460602798 | ||
| 040 |
_aDO-SdBNP _bspa _cBNPHU _erda |
||
| 082 |
_a329.17 _bA997 _222 |
||
| 100 | 1 |
_aAzurmendi, Mikel _d1942- _921645 _eautor |
|
| 245 | 1 | 3 |
_aLa herida patriótica : _bla cultura del nacionalismo vasco / _cMikel Azurmendi |
| 264 | 1 |
_aMadrid, España : _bTaurus, _c1998. |
|
| 300 |
_a201 páginas _c22 cm. |
||
| 336 |
_2rdacontent _atexto _btxt |
||
| 337 |
_2rdamedia _asin mediación _bn |
||
| 338 |
_2rdacarrier _avolumen _bnc |
||
| 490 | _aPensamiento | ||
| 500 | _aIncluye datos biografícos del autor en la solapa de la portada. | ||
| 520 | _aRecoge: Identidad y violencia en suelo vasco; La identidad abertzale, una cultura desde la ideología; El abertzale y el euskera; Universidad vasca, abertzalismo y democracia. | ||
| 590 | _aInventariado, 2024/ YL | ||
| 650 | 4 |
_aNacionalismo- _919902 _zEspaña- _zPaís Vasco |
|
| 910 | _aYlockward | ||
| 942 |
_2ddc _cLBS1 |
||
| 999 |
_c57282 _d57282 |
||